000 00498nam a2200181Ia 4500
005 20250508162521.0
008 008 250505s9999 xx 000 0 eng d
037 _aReference
040 _aFEDL
_beng
_cFEDL
041 _aeng
_2eng
084 _a420, OXF
_qFEDL
245 0 _aOxford guide to the english language
260 _aOxford
_bOxford University Press
_c1984
300 _a577p.
650 _aEnglish language usage
942 _cREF
_h420, OXF
999 _c1377041
_d1377041